|
|
|
|
| LEADER |
00000nab a2200000uu 4500 |
| 001 |
vtls010909250 |
| 003 |
SK-MaSNL |
| 005 |
20260303142649.0 |
| 008 |
230222|2010 xo |||||||||||||||||slo| |
| 015 |
|
|
|a SNBRB
|
| 035 |
|
|
|a (urnnbn)urn:nbn:sk:snk:ar-a07zkj
|
| 035 |
|
|
|a (uuid)30ea0b3f-b867-4166-99f1-16a6f1cf26f3
|
| 035 |
|
|
|a urn:nbn:sk:snk-ab8yyf
|
| 040 |
|
|
|a SNKBUCL
|b slo
|c SNKBUCL
|e AACR2
|
| 041 |
0 |
|
|a slo
|
| 044 |
|
|
|a xo
|c SK
|
| 100 |
1 |
|
|a Škutková, Jana
|4 aut
|9 1130209
|
| 245 |
1 |
0 |
|a Prieskum ako kompas reklamnej kampane
|c Jana Škutková
|
| 773 |
0 |
|
|t Zisk : vidíme detaily, ktoré tvoria zisk
|g Č. 4 (2010), s. 42-43
|
| 954 |
|
|
|a odborná, vedecká literatúra pôvodná (slovenská)
|2 lita
|
| 958 |
|
|
|a OND
|
| 958 |
|
|
|a EUIPO
|
| 958 |
|
|
|a article10
|
| 999 |
|
|
|c 1985178
|d 1987108
|